[Event "SVK-ch Rapid"]
[Site "Podbanske"]
[Date "2023.10.01"]
[Round "8"]
[White "Hrnciar, Roman"]
[Black "Turcan, Richard"]
[Result "0-1"]
[WhiteElo "1963"]
[BlackElo "2402"]
[PlyCount "91"]
[EventDate "2023.09.30"]
[EventType "tourn (rapid)"]
[EventRounds "10"]
[EventCountry "SVK"]
[SourceTitle "EXT 2024"]
[Source "ChessBase"]
[SourceDate "2023.10.10"]
[SourceVersion "1"]
[SourceVersionDate "2023.10.10"]
[SourceQuality "1"]

1. f4 f5 2. b3 b6 3. Bb2 Bb7 4. e3 e6 5. Nf3 Nf6 6. Be2 Be7 7. 0-0 0-0 8. c4 c5 9. Ne5 d6 10. Bf3 Ne4 11. d3 dxe5 12. dxe4 exf4 13. exf5 Qxd1 14. Rxd1 Bxf3 15. gxf3 Rxf5 16. e4 Rg5+ 17. Kh1 Nc6 18. Na3 Rd8 19. Rxd8+ Bxd8 20. Rd1 Bf6 21. Bc1 Be5 22. Nc2 Kf8 23. a3 Ke7 24. b4 Bc7 25. Bb2 Be5 26. Bc1 h5 27. Ne1 Nd4 28. Nd3 Bc7 29. Nxf4 Bxf4 30. Bxf4 Rg6 31. Rd3 Ne2 32. Bd6+ Ke8 33. Rd1 cxb4 34. axb4 Rf6 35. Rd2 Nf4 36. Bxf4 Rxf4 37. Kg2 Rf7 38. e5 Rf4 39. Ra2 Rxc4 40. Rxa7 g5 41. Rh7 h4 42. Rg7 Rxb4 43. Rxg5 Kf7 44. Kh3 Rf4 45. Rg2 b5 46. Rd2 0-1

[Event "SVK-chT2C 2223"]
[Site "Slovakia"]
[Date "2023.02.11"]
[Round "8.3"]
[White "Kovacs, Daniel1111"]
[Black "Hrnciar, Roman"]
[Result "1/2-1/2"]
[WhiteElo "1991"]
[BlackElo "1997"]
[PlyCount "87"]
[EventDate "2022.10.08"]
[EventType "team-tourn"]
[EventRounds "11"]
[EventCountry "SVK"]
[SourceTitle "EXT 2024"]
[Source "ChessBase"]
[SourceDate "2023.10.10"]
[SourceVersion "1"]
[SourceVersionDate "2023.10.10"]
[SourceQuality "1"]
[WhiteTeam "Vinica"]
[BlackTeam "Martin Medea"]
[WhiteTeamCountry "SVK"]
[BlackTeamCountry "SVK"]

1. b3 f5 2. Bb2 e6 3. e4 Nf6 4. exf5 exf5 5. c4 Be7 6. Nf3 0-0 7. Nc3 c6 8. d4 d5 9. Bd3 Ne4 10. 0-0 Nd7 11. Qc2 Ndf6 12. Ne5 g6 13. f3 Nd6 14. Rfe1 Nf7 15. Rad1 Nh5 16. g3 Nxe5 17. dxe5 d4 18. Nb1 c5 19. Bf1 Be6 20. Bc1 Qc7 21. f4 Rad8 22. Qd3 Ng7 23. Bg2 h6 24. Qf3 Rd7 25. Rf1 a6 26. a4 Rfd8 27. Rd3 b5 28. axb5 axb5 29. Na3 bxc4 30. bxc4 Qa5 31. Bd2 Qa4 32. Qc6 Ra7 33. Rc1 Rc8 34. Qxa4 Rxa4 35. Rb3 Rc7 36. Bd5 Rc8 37. Bg2 Kf7 38. Kf2 g5 39. Ke2 gxf4 40. gxf4 Rg8 41. Bf3 Ne8 42. Kd3 Bh4 43. Bc6 Ra6 44. Bf3 1/2-1/2

[Event "SVK-chT2C 2122"]
[Site "Slovakia"]
[Date "2022.03.05"]
[Round "5.1"]
[White "Lukac, Roman"]
[Black "Hrnciar, Roman"]
[Result "1-0"]
[WhiteElo "2056"]
[BlackElo "2009"]
[PlyCount "117"]
[EventDate "2021.10.16"]
[EventType "team-tourn"]
[EventRounds "11"]
[EventCountry "SVK"]
[SourceTitle "EXT 2023"]
[Source "ChessBase"]
[SourceDate "2022.10.05"]
[SourceVersion "1"]
[SourceVersionDate "2022.10.05"]
[SourceQuality "1"]
[WhiteTeam "Banska Bystrica Kurta"]
[BlackTeam "Bziny"]
[WhiteTeamCountry "SVK"]
[BlackTeamCountry "SVK"]

1. e4 c5 2. Nf3 Nc6 3. d4 cxd4 4. Nxd4 d6 5. Nc3 g6 6. Bc4 Bg7 7. Nxc6 bxc6 8. 0-0 Nf6 9. Re1 0-0 10. Bb3 e5 11. Bg5 Qe7 12. Qd2 Be6 13. Rad1 Rfd8 14. f3 Bxb3 15. axb3 Qe6 16. Qe2 h6 17. Bh4 Rac8 18. Ra1 Rc7 19. Ra6 Rdd7 20. Rea1 Qe7 21. Qc4 g5 22. Bf2 d5 23. Qc5 d4 24. Qxe7 Rxe7 25. Ne2 c5 26. R1a4 Rb7 27. Nc1 Rec7 28. Nd3 Nd7 29. Be1 f6 30. Ba5 Nb6 31. Bxb6 axb6 32. Kf1 Bf8 33. c4 Kf7 34. Ke2 h5 35. Ra1 Bd6 36. Kd2 Ke6 37. Kc2 g4 38. Rf1 Ra7 39. Rxb6 Ke7 40. fxg4 hxg4 41. h3 Ra8 42. h4 g3 43. Rf3 Rg8 44. Nc1 Ke6 45. Ne2 Rcg7 46. b4 f5 47. Rxf5 Rg4 48. Rg5 R8xg5 49. hxg5 Rxe4 50. Kd2 Kd7 51. Nxg3 Rg4 52. Nf5 Rxg2+ 53. Kd3 Bc7 54. Rg6 Bd8 55. bxc5 Rxb2 56. Rd6+ Kc7 57. g6 Rg2 58. g7 Rg4 59. Rh6 1-0

[Event "SVK-chT2C 1920"]
[Site "Slovakia"]
[Date "2020.02.15"]
[Round "8.2"]
[White "Macko, Michal"]
[Black "Hrnciar, Roman"]
[Result "1-0"]
[WhiteElo "2175"]
[BlackElo "2072"]
[PlyCount "81"]
[EventDate "2019.10.26"]
[EventType "team-tourn"]
[EventRounds "11"]
[EventCountry "SVK"]
[SourceTitle "CBM 195 Extra"]
[Source "ChessBase"]
[SourceDate "2020.05.31"]
[SourceVersion "1"]
[SourceVersionDate "2020.05.31"]
[SourceQuality "1"]
[WhiteTeam "Liptov Chess School III"]
[BlackTeam "Bziny"]
[WhiteTeamCountry "SVK"]
[BlackTeamCountry "SVK"]

1. c4 f5 2. g3 e6 3. Bg2 Nf6 4. Nf3 Be7 5. 0-0 0-0 6. Nc3 c6 7. d3 d5 8. e4 d4 9. Ne2 fxe4 10. dxe4 c5 11. e5 Ng4 12. h3 Nh6 13. Bxh6 gxh6 14. Nf4 Nc6 15. Nd3 b6 16. Nxd4 Qxd4 17. Bxc6 Rb8 18. Qg4+ Qxg4 19. hxg4 Rd8 20. Nf4 Kf7 21. Rad1 Ba6 22. b3 Bg5 23. Kg2 Ke7 24. Rfe1 Kf7 25. Rd6 Rxd6 26. exd6 Bxf4 27. gxf4 Bb7 28. Bxb7 Rxb7 29. Kf3 Rd7 30. Rd1 Kf6 31. Ke4 Rd8 32. d7 Ke7 33. Ke5 Rxd7 34. Rxd7+ Kxd7 35. Kf6 a6 36. f3 Kd6 37. Kf7 b5 38. Ke8 b4 39. Kd8 a5 40. Ke8 e5 41. f5 1-0

[Event "SVK-ch op"]
[Site "Ruzomberok"]
[Date "2019.07.01"]
[Round "3"]
[White "Jakab, Bela"]
[Black "Hrnciar, Roman"]
[Result "1-0"]
[WhiteElo "2278"]
[BlackElo "2096"]
[PlyCount "59"]
[EventDate "2019.06.29"]
[EventType "swiss"]
[EventRounds "9"]
[EventCountry "SVK"]
[SourceTitle "CBM 191 Extra"]
[Source "ChessBase"]
[SourceDate "2019.09.30"]
[SourceVersion "1"]
[SourceVersionDate "2019.09.30"]
[SourceQuality "1"]

1. e4 Nc6 2. d4 d6 3. Nc3 g6 4. Be3 Bg7 5. Bb5 Bd7 6. Nge2 e5 7. f3 Nge7 8. h4 f5 9. Bxc6 Bxc6 10. h5 f4 11. Bf2 d5 12. exd5 Nxd5 13. Ne4 Ne3 14. Bxe3 Bxe4 15. Bxf4 exf4 16. fxe4 Qg5 17. h6 Bf6 18. Qd3 0-0-0 19. Qh3+ Kb8 20. e5 f3 21. gxf3 Bxe5 22. dxe5 Qxe5 23. Qh2 Qxb2 24. 0-0 Rd5 25. Ng3 Qd4+ 26. Qf2 Qh4 27. Rad1 Rg5 28. Kg2 Qxh6 29. Qd2 a6 30. Rh1 1-0

[Event "SVK-chT2C 1819"]
[Site "Slovakia"]
[Date "2019.04.07"]
[Round "11.2"]
[White "Hrnciar, Roman"]
[Black "Lukac, Roman"]
[Result "0-1"]
[WhiteElo "2098"]
[BlackElo "2069"]
[PlyCount "80"]
[EventDate "2018.10.13"]
[EventType "team-tourn"]
[EventRounds "11"]
[EventCountry "SVK"]
[SourceTitle "EXT 2020"]
[Source "ChessBase"]
[SourceDate "2019.10.17"]
[SourceVersion "1"]
[SourceVersionDate "2019.10.17"]
[SourceQuality "1"]
[WhiteTeam "Bziny"]
[BlackTeam "Banska Bystrica Kurta"]
[WhiteTeamCountry "SVK"]
[BlackTeamCountry "SVK"]

1. f4 d5 2. e3 g6 3. Nf3 Bg7 4. d4 Nh6 5. Bd3 0-0 6. Nbd2 Nf5 7. Qe2 b6 8. c3 c5 9. 0-0 Nc6 10. Ne5 Qc7 11. Nxc6 Qxc6 12. e4 Nd6 13. e5 Nf5 14. g4 Nh6 15. f5 gxf5 16. gxf5 Bxf5 17. Kh1 Bg6 18. Nf3 Nf5 19. Bd2 e6 20. Rg1 Kh8 21. h4 h6 22. Bf4 Rg8 23. Qd2 Bh7 24. Bxf5 exf5 25. h5 Rae8 26. Rg3 Re6 27. Rag1 Bf8 28. Rxg8+ Bxg8 29. Nh4 Bh7 30. Qg2 cxd4 31. cxd4 Qd7 32. Nxf5 Rc6 33. e6 Qxe6 34. Ng3 Rc2 35. Bd2 Qg4 36. Re1 Bd6 37. Re8+ Kg7 38. Re3 Rxd2 39. Qxd2 Bxg3 40. Re2 Be4+ 0-1

[Event "SVK-chT2C 1819"]
[Site "Slovakia"]
[Date "2019.04.06"]
[Round "10.2"]
[White "Trgina, Daniel"]
[Black "Hrnciar, Roman"]
[Result "0-1"]
[WhiteElo "2072"]
[BlackElo "2098"]
[PlyCount "56"]
[EventDate "2018.10.13"]
[EventType "team-tourn"]
[EventRounds "11"]
[EventCountry "SVK"]
[SourceTitle "EXT 2020"]
[Source "ChessBase"]
[SourceDate "2019.10.17"]
[SourceVersion "1"]
[SourceVersionDate "2019.10.17"]
[SourceQuality "1"]
[WhiteTeam "Banska Bystrica Veza"]
[BlackTeam "Bziny"]
[WhiteTeamCountry "SVK"]
[BlackTeamCountry "SVK"]

1. e4 c5 2. Nf3 d6 3. d4 cxd4 4. Nxd4 Nf6 5. Nc3 g6 6. Be3 Bg7 7. f3 Nc6 8. Qd2 0-0 9. g4 h5 10. gxh5 Nxh5 11. 0-0-0 Qa5 12. Kb1 Rd8 13. f4 Nxd4 14. Bxd4 Bxd4 15. Qxd4 Nxf4 16. h4 Bg4 17. Re1 e5 18. Qg1 Bf3 19. Bc4 Rac8 20. Bb3 Bxh1 21. h5 Kg7 22. hxg6 fxg6 23. Qxh1 Rh8 24. Qg1 Rh4 25. Rd1 Rch8 26. Qg5 Qd8 27. Qg1 a6 28. Qb6 Qxb6 0-1

[Event "SVK-chT2C 1819"]
[Site "Slovakia"]
[Date "2019.02.03"]
[Round "7.2"]
[White "Hrnciar, Roman"]
[Black "Zvarik, Martin"]
[Result "0-1"]
[WhiteElo "2072"]
[BlackElo "2310"]
[PlyCount "96"]
[EventDate "2018.10.13"]
[EventType "team-tourn"]
[EventRounds "11"]
[EventCountry "SVK"]
[SourceTitle "CBM 189 Extra"]
[Source "ChessBase"]
[SourceDate "2019.06.03"]
[SourceVersion "1"]
[SourceVersionDate "2019.06.03"]
[SourceQuality "1"]
[WhiteTeam "Bziny"]
[BlackTeam "Zilina Mladost II"]
[WhiteTeamCountry "SVK"]
[BlackTeamCountry "SVK"]

1. f4 c5 2. Nf3 Nc6 3. b3 Nf6 4. Bb2 d6 5. e3 Bf5 6. Bb5 a6 7. Bxc6+ bxc6 8. 0-0 Qb6 9. Nc3 h6 10. Na4 Qc7 11. Qe2 e6 12. d3 Rg8 13. e4 Bh7 14. c4 Nd7 15. Bc3 Be7 16. g4 f6 17. d4 cxd4 18. Nxd4 Nf8 19. f5 e5 20. Nc2 g6 21. Kh1 h5 22. h3 hxg4 23. hxg4 gxf5 24. gxf5 Rh8 25. Kg1 Bg8 26. Rad1 Nh7 27. Bd2 d5 28. cxd5 cxd5 29. Nb4 Bxb4 30. Bxb4 Qg7+ 31. Qg2 Ng5 32. Rf2 Rh4 33. Kf1 Qh6 34. exd5 Rh1+ 35. Ke2 Qh5+ 36. Rf3 Rh2 37. Qxh2 Qxh2+ 38. Rf2 Qh5+ 39. Ke1 Bxd5 40. Nb6 Rd8 41. Nxd5 Rxd5 42. Rxd5 Qh1+ 43. Ke2 Qxd5 44. Be1 e4 45. Kf1 e3 46. Rg2 Qf3+ 47. Kg1 Qd1 48. Kf1 Ne4 0-1

[Event "SVK-chT2C 1718"]
[Site "Slovakia"]
[Date "2018.01.14"]
[Round "6.2"]
[White "Madar, Martin"]
[Black "Hrnciar, Roman"]
[Result "0-1"]
[WhiteElo "2073"]
[BlackElo "2081"]
[PlyCount "82"]
[EventDate "2017.10.28"]
[EventType "team-tourn"]
[EventRounds "11"]
[EventCountry "SVK"]
[SourceTitle "EXT 2019"]
[Source "ChessBase"]
[SourceDate "2018.10.10"]
[SourceVersion "1"]
[SourceVersionDate "2018.10.10"]
[SourceQuality "1"]
[WhiteTeam "Ondrasova Krivan"]
[BlackTeam "Bziny"]
[WhiteTeamCountry "SVK"]
[BlackTeamCountry "SVK"]

1. e4 c5 2. d3 Nc6 3. Nd2 g6 4. Ngf3 Bg7 5. g3 d6 6. Bg2 Nf6 7. 0-0 0-0 8. c3 e5 9. Re1 Ne8 10. Nf1 h6 11. Nh4 Kh7 12. Ne3 Bf6 13. Nf3 Nc7 14. h4 Be6 15. Qd2 g5 16. hxg5 Bxg5 17. Nxg5+ Qxg5 18. Qe2 Qg6 19. Nf5 Bxf5 20. exf5 Qf6 21. Qh5 d5 22. Be3 Rg8 23. g4 Rg7 24. Kf1 Rag8 25. Bh3 e4 26. Bxc5 exd3 27. f4 Rg5 28. Qh4 Rxf5 29. Qxf6 Rxf6 30. f5 h5 31. gxh5 Ne6 32. Bf2 Nf4 33. Re3 Nxh3 34. Rxh3 Ne5 35. Rg3 Rxg3 36. Bxg3 Rxf5+ 37. Kg2 Nc4 38. Kh3 d2 39. Rd1 Rxh5+ 40. Kg4 Ne3+ 41. Kxh5 Nxd1 0-1

[Event "SVK-chT2C 1718"]
[Site "Slovakia"]
[Date "2017.10.28"]
[Round "1.2"]
[White "Lisko, Frantisek"]
[Black "Hrnciar, Roman"]
[Result "1-0"]
[WhiteElo "2241"]
[BlackElo "2081"]
[PlyCount "41"]
[EventDate "2017.10.28"]
[EventType "team-tourn"]
[EventRounds "11"]
[EventCountry "SVK"]
[SourceTitle "CBM 181 Extra"]
[Source "ChessBase"]
[SourceDate "2017.12.12"]
[SourceVersion "1"]
[SourceVersionDate "2017.12.12"]
[SourceQuality "1"]
[WhiteTeam "Dunajov Inbest II"]
[BlackTeam "Bziny"]
[WhiteTeamCountry "SVK"]
[BlackTeamCountry "SVK"]

1. d4 f5 2. g3 Nf6 3. Bg2 e6 4. Nf3 Be7 5. 0-0 0-0 6. c4 c6 7. Nc3 d5 8. Rb1 Nbd7 9. b4 Ne4 10. Qb3 a5 11. b5 dxc4 12. Qxc4 Nb6 13. Qd3 Nxc3 14. Qxc3 Nd5 15. Qc2 cxb5 16. Rxb5 b6 17. Ne5 Ba6 18. Qc6 Bxb5 19. Qxe6+ Kh8 20. Bxd5 Qd6 21. Qg8+ 1-0

[Event "Oravska Priehrada op"]
[Site "Namestovo"]
[Date "2017.08.27"]
[Round "5"]
[White "Hrnciar, Roman"]
[Black "Salva, Vladimir"]
[Result "1-0"]
[WhiteElo "2095"]
[BlackElo "1642"]
[PlyCount "47"]
[EventDate "2017.08.25"]
[EventType "swiss"]
[EventRounds "7"]
[EventCountry "SVK"]
[SourceTitle "CBM 180 Extra"]
[Source "ChessBase"]
[SourceDate "2017.10.06"]
[SourceVersion "1"]
[SourceVersionDate "2017.10.06"]
[SourceQuality "1"]

1. f4 Nf6 2. Nf3 g6 3. b3 Bg7 4. Bb2 0-0 5. e3 d6 6. d4 Nbd7 7. Be2 c5 8. 0-0 b6 9. c4 cxd4 10. exd4 d5 11. Nc3 Bb7 12. Ne5 e6 13. Bf3 Ne4 14. cxd5 exd5 15. Nb5 f5 16. Ba3 Ba6 17. Nc6 Qh4 18. Bxe4 fxe4 19. Bxf8 Bxb5 20. Bxg7 Bxf1 21. Qxf1 Kxg7 22. g3 Qf6 23. Qb5 a6 24. Qxd5 1-0

[Event "Ruzomberok Montana op"]
[Site "Ruzomberok"]
[Date "2017.06.03"]
[Round "7"]
[White "Stevik, Patrik1111"]
[Black "Hrnciar, Roman"]
[Result "1-0"]
[WhiteElo "1644"]
[BlackElo "2060"]
[PlyCount "115"]
[EventDate "2017.05.28"]
[EventType "swiss"]
[EventRounds "9"]
[EventCountry "SVK"]
[SourceTitle "EXT 2018"]
[Source "ChessBase"]
[SourceDate "2017.10.13"]
[SourceVersion "1"]
[SourceVersionDate "2017.10.13"]
[SourceQuality "1"]

1. e4 Nc6 2. d4 d6 3. Be3 g6 4. c3 Bg7 5. Bd3 e5 6. d5 Nb8 7. Nd2 Nf6 8. Ngf3 h6 9. h3 Nxe4 10. Nxe4 f5 11. Ng3 0-0 12. Qc2 e4 13. Nxe4 fxe4 14. Bxe4 Bf5 15. 0-0-0 Nd7 16. Nd4 Bxd4 17. Bxd4 Qe7 18. Rhe1 Qf7 19. Bxf5 Qxf5 20. Qxf5 Rxf5 21. Re6 Nf8 22. Re7 Rf7 23. Rde1 Rd8 24. Rxf7 Kxf7 25. a4 c5 26. dxc6 bxc6 27. Bxa7 c5 28. Bb6 Rc8 29. a5 Nd7 30. Kc2 Nxb6 31. axb6 Rc6 32. b7 Rb6 33. f4 Rxb7 34. Re2 c4 35. g4 Kf6 36. h4 h5 37. gxh5 gxh5 38. Rg2 Rb5 39. Rg5 Rf5 40. b4 Rxf4 41. Rxh5 Rf2+ 42. Kd1 Ke6 43. Rh8 Rh2 44. h5 Kd5 45. h6 Ke4 46. b5 Kd3 47. Ke1 Re2+ 48. Kf1 Re7 49. Rg8 Kxc3 50. Rg7 Re8 51. h7 Rh8 52. Ke2 d5 53. b6 d4 54. b7 Kc2 55. Rg8 d3+ 56. Ke3 d2 57. b8Q d1Q 58. Rg2+ 1-0

[Event "Ruzomberok Montana op"]
[Site "Ruzomberok"]
[Date "2017.06.02"]
[Round "6"]
[White "Hrnciar, Roman"]
[Black "Bozinovic, Bogdan"]
[Result "1-0"]
[WhiteElo "2060"]
[BlackElo "2241"]
[PlyCount "87"]
[EventDate "2017.05.28"]
[EventType "swiss"]
[EventRounds "9"]
[EventCountry "SVK"]
[SourceTitle "EXT 2018"]
[Source "ChessBase"]
[SourceDate "2017.10.13"]
[SourceVersion "1"]
[SourceVersionDate "2017.10.13"]
[SourceQuality "1"]

1. f4 Nh6 2. Nf3 d5 3. e3 e6 4. b3 Be7 5. Bb2 0-0 6. Be2 c5 7. 0-0 Nc6 8. Bb5 Qd6 9. Bxc6 Qxc6 10. d3 b6 11. Nbd2 Nf5 12. Qe2 Ba6 13. Ne5 Qe8 14. g4 Nd6 15. c4 f6 16. Nef3 Nf7 17. e4 Qd7 18. e5 Rad8 19. Rae1 fxe5 20. Bxe5 dxc4 21. dxc4 Nxe5 22. fxe5 Rf4 23. h3 Bb7 24. Qh2 Rdf8 25. Re3 h6 26. Qe2 Qc6 27. Kh2 Rd8 28. Kg3 g5 29. Re1 Rdf8 30. Ne4 Kg7 31. Ned2 Qe8 32. Rf1 Qf7 33. Ne4 Rd8 34. Nf6 Qg6 35. Nh5+ Kh8 36. Nxf4 gxf4+ 37. Kxf4 h5 38. Kg3 hxg4 39. hxg4 Kg7 40. Rh1 Rd4 41. Nxd4 Bxh1 42. Nf3 Qh6 43. g5 Bxg5 44. Nxg5 1-0

[Event "Ruzomberok Montana op"]
[Site "Ruzomberok"]
[Date "2017.05.29"]
[Round "2"]
[White "Dagonia, Steve"]
[Black "Hrnciar, Roman"]
[Result "1/2-1/2"]
[WhiteElo "1813"]
[BlackElo "2060"]
[PlyCount "131"]
[EventDate "2017.05.28"]
[EventType "swiss"]
[EventRounds "9"]
[EventCountry "SVK"]
[SourceTitle "EXT 2018"]
[Source "ChessBase"]
[SourceDate "2017.10.13"]
[SourceVersion "1"]
[SourceVersionDate "2017.10.13"]
[SourceQuality "1"]

1. c4 f5 2. g3 Nf6 3. Bg2 e6 4. Nf3 Be7 5. 0-0 0-0 6. d4 d6 7. b3 Qe8 8. Qc2 c6 9. Nbd2 d5 10. a4 a5 11. Ba3 Na6 12. Bxe7 Qxe7 13. Ne5 Nb4 14. Qb2 b6 15. Rac1 Ba6 16. Rfe1 c5 17. e3 Rac8 18. Bf1 Bb7 19. cxd5 exd5 20. Nd3 g5 21. Nxb4 axb4 22. Nf3 Ne4 23. Ne5 Nc3 24. Bg2 Qd6 25. Qd2 Ne4 26. Qe2 g4 27. Bxe4 dxe4 28. Nc4 Qe6 29. dxc5 bxc5 30. Red1 Rfd8 31. Rxd8+ Rxd8 32. Rd1 Rd5 33. Rxd5 Qxd5 34. Qb2 Ba6 35. Qf6 Bxc4 36. bxc4 Qxc4 37. Qg5+ Kf8 38. Qxf5+ Ke7 39. Qxh7+ Kd6 40. Qh6+ Qe6 41. Qf8+ Kd5 42. Qb8 Kc4 43. Qb5+ Kb3 44. a5 c4 45. a6 c3 46. a7 c2 47. a8Q c1Q+ 48. Kg2 Qa3 49. Qd8 Qc1 50. Qd4 Qec4 51. Qbxc4+ Qxc4 52. Qa1 Kc2 53. Qa4+ Kb2 54. h4 gxh3+ 55. Kh2 Qc3 56. Kxh3 b3 57. Qxe4 Kc1 58. Qh1+ Kd2 59. Qd5+ Ke1 60. f4 Qh8+ 61. Kg2 b2 62. Qd3 Qa8+ 63. e4 Qa2 64. Qe3+ Kd1 65. Qd3+ Kc1 66. Qc3+ 1/2-1/2

[Event "SVK-chT2C 1617"]
[Site "Slovakia"]
[Date "2016.12.04"]
[Round "6.1"]
[White "Hros, Roman"]
[Black "Hrnciar, Roman"]
[Result "1-0"]
[WhiteElo "2181"]
[BlackElo "2038"]
[PlyCount "83"]
[EventDate "2016.10.08"]
[EventType "team-tourn"]
[EventRounds "11"]
[EventCountry "SVK"]
[SourceTitle "EXT 2018"]
[Source "ChessBase"]
[SourceDate "2017.10.13"]
[SourceVersion "1"]
[SourceVersionDate "2017.10.13"]
[SourceQuality "1"]
[WhiteTeam "Liptov Chess School III"]
[BlackTeam "Dolny Kubin"]
[WhiteTeamCountry "SVK"]
[BlackTeamCountry "SVK"]

1. Nf3 d5 2. c4 e6 3. g3 Nf6 4. Bg2 Be7 5. 0-0 0-0 6. b3 Ne4 7. Bb2 Bf6 8. Qc2 Bxb2 9. Qxb2 Nc6 10. d3 Qf6 11. Qxf6 Nxf6 12. Nc3 Bd7 13. Nd2 Ne7 14. d4 Rad8 15. e3 Bc8 16. Rfc1 c6 17. c5 Nd7 18. b4 e5 19. Nb3 e4 20. b5 f5 21. a4 g5 22. a5 f4 23. a6 fxe3 24. fxe3 bxa6 25. bxc6 Nf6 26. Na5 Ng4 27. Nd1 Rf6 28. Nb7 Rdf8 29. Nd6 a5 30. Rxa5 Nxc6 31. Raa1 Bd7 32. Rcb1 Nf2 33. Nxf2 Rxf2 34. Rb7 Bg4 35. Rc7 Rd2 36. Rxc6 Rff2 37. Bf1 Bf3 38. Rc8+ Kg7 39. Rxa7+ Kh6 40. Nf5+ Kg6 41. g4 Bxg4 42. Rc6+ 1-0

[Event "SVK-chT2C 1617"]
[Site "Slovakia"]
[Date "2016.11.05"]
[Round "3.1"]
[White "Plat, Vojtech"]
[Black "Hrnciar, Roman"]
[Result "1-0"]
[WhiteElo "2529"]
[BlackElo "2038"]
[PlyCount "55"]
[EventDate "2016.10.08"]
[EventType "team-tourn"]
[EventRounds "11"]
[EventCountry "SVK"]
[SourceTitle "CBM 175 Extra"]
[Source "ChessBase"]
[SourceDate "2016.12.12"]
[SourceVersion "1"]
[SourceVersionDate "2016.12.12"]
[SourceQuality "1"]
[WhiteTeam "Dunajov Inbest II"]
[BlackTeam "Dolny Kubin"]
[WhiteTeamCountry "SVK"]
[BlackTeamCountry "SVK"]

1. e4 c5 2. Nf3 d6 3. d4 cxd4 4. Nxd4 Nf6 5. Nc3 g6 6. Be3 Bg7 7. Be2 Nc6 8. 0-0 0-0 9. h3 Bd7 10. Nf3 Qa5 11. Re1 Rfc8 12. Qd2 Ne5 13. Nxe5 dxe5 14. Rad1 Bc6 15. a3 Rd8 16. Bd3 Qc7 17. Qe2 a6 18. g3 b5 19. f3 Qb7 20. Qf2 Nh5 21. Na2 f5 22. Bb6 Rf8 23. Bc5 Rad8 24. Nb4 fxe4 25. Nxc6 Rxf3 26. Bxe4 Rxf2 27. Rxd8+ Kf7 28. Nxe5+ 1-0